| 000 | 01073nam a22002537a 4500 | ||
|---|---|---|---|
| 005 | 20170123164153.0 | ||
| 010 | _aB-125051 | ||
| 020 |
_c80.00 _a817205338 |
||
| 035 | _aB-125051 | ||
| 037 | _aCen Lib / Ret | ||
| 040 |
_aDPL _bPN |
||
| 082 |
_a260 _bਗੁਰਵਿੰ |
||
| 100 |
_aਗਿਆਨੀ ਗੁਰਵਿੰਦਰ ਸਿੰਘ ਕੋਮਲ _9128065 |
||
| 245 |
_aਗੁਰੂ ਭਰੋਸਾ - ਪ੍ਰਭੁ ਭਰੋਸਾ / _cਗਿਆਨੀ ਗੁਰਵਿੰਦਰ ਸਿੰਘ ਕੋਮਲ |
||
| 246 |
_aGuru bharosa - prabhu bharosa / _bby Giani Gurwinder Singh Komal |
||
| 260 |
_aਅੰਮ੍ਰਿਤਸਰ _bਸਿੰਘ ਬਦਰਜ਼ _c2005 |
||
| 270 |
_aSCO 223-24, ਕੀਤੀ ਸੈਂਟਰ _bਅੰਮ੍ਰਿਤਸਰ _e143001 |
||
| 300 |
_a152p. _c22cm(Hb) |
||
| 650 |
_aਪੰਜਾਬੀ ਸਾਹਿਤ _9128066 |
||
| 650 |
_aਪੰਜਾਬੀ -- ਧਰਮ _91301 |
||
| 650 |
_aPunjabi - Religious _9128067 |
||
| 650 |
_aLiterature - punjabi _9128068 |
||
| 942 |
_2ddc _cPN _h260 _mਗੁਰਵਿੰ |
||
| 999 |
_c110492 _d110492 |
||